| 000 | 01549cam a2200349 i 4500 | ||
|---|---|---|---|
| 999 |
_c200459769 _d77981 |
||
| 001 | 200459769 | ||
| 003 | TR-AnTOB | ||
| 005 | 20240312094516.0 | ||
| 007 | ta | ||
| 008 | 240311t2023 tu d e 000 0dtur d | ||
| 040 |
_aATILIM _beng _erda _c ATILIM _dTR-AnTOB |
||
| 041 | 0 | _atur | |
| 050 | 1 | 0 |
_aHC492 _b.T37 2023 |
| 090 |
_aHC492 _b.T37 2023 |
||
| 100 |
_aTaşcı, Kamil _d1978- _eauthor _972947 |
||
| 245 | 1 | 0 |
_aDoğu ve Güneydoğu illerinde kronik kalkınma sorunu : _balternatif bir çözüm önerisi / _cKamil Taşcı, Doç. Dr. Önder Belgin, Doç. Dr. Hülya Saygılı. |
| 264 | 1 |
_aİstanbul : _bMaliye Hesap Uzmanları Vakfı Yayınları, _c[2023]. |
|
| 264 | 4 | _c©2023 | |
| 300 |
_a474 pages : _bgraphics, tables ; _c 27 cm |
||
| 336 |
_atext _btxt _2rdacontent |
||
| 337 |
_aunmediated _bn _2rdamedia |
||
| 338 |
_avolume _bnc _2rdacarrier |
||
| 490 | 0 |
_aMali Hesap Uzmanları Vakfı yayınları; _v36 |
|
| 504 | _aBIB | ||
| 505 | 2 | _aSeçilmiş ekonomik ve sosyal göstergeler ışığında merkez ve çevre illerin analizi - Yatırım ortamı - Çevre illerin sorunlarına yönelik finansman yaklaşımları - Doğu ve Güneydoğu illeriiçin kalkınma programı önerisi ve il bazında girdi-çıktı modeliyle etki analizi. | |
| 650 | 7 |
_aEkonomik kalkınma _zTürkiye, Doğu _2etuturkob _9113213 |
|
| 651 | 7 |
_aTürkiye, Doğu _xEkonomik durum _2etuturkob _9124807 |
|
| 700 | 1 |
_aBelgin, Önder, _d1981- _eauthor _9145152 |
|
| 700 | 1 |
_aSaygılı, Hülya _eauthor _9145153 |
|
| 942 |
_2lcc _cBK |
||